[Event "Hessen-ch Seniors op 12th"]
[Site "Bad Sooden-Allendorf"]
[Date "2016.05.05"]
[Round "6"]
[White "Lichtenberg, Friedrich"]
[Black "Strozewski, Guenter"]
[Result "1-0"]
[WhiteElo "1919"]
[BlackElo "1780"]
[PlyCount "50"]
[EventDate "2016.04.30"]
[EventType "swiss"]
[EventRounds "9"]
[EventCountry "GER"]
[SourceTitle "EXT 2019"]
[Source "ChessBase"]
[SourceDate "2018.10.10"]
[SourceVersion "1"]
[SourceVersionDate "2018.10.10"]
[SourceQuality "1"]

1. e4 e5 2. Bc4 Be7 3. d4 d6 4. dxe5 dxe5 5. Bxf7+ Kxf7 6. Qh5+ Kf8 7. Nf3 Nf6 8. Qxe5 Nc6 9. Qf4 Bg4 10. 0-0 Bxf3 11. Qxf3 Nd4 12. Qd3 Ne6 13. Qf3 Nd4 14. Qd3 Ng4 15. Be3 Ne6 16. Qe2 h5 17. Nc3 Qd6 18. g3 Kg8 19. Rad1 Qb4 20. Nd5 Nxe3 21. fxe3 Qd6 22. e5 Qc5 23. b4 Qxd5 24. Rxd5 h4 25. Qf3 hxg3 1-0

[Event "Hessen-ch Seniors op 05th"]
[Site "Bad Sooden-Allendorf"]
[Date "2009.04.30"]
[Round "6"]
[White "Lichtenberg, Friedrich"]
[Black "Piastowski, Kurt"]
[Result "1/2-1/2"]
[WhiteElo "1630"]
[BlackElo "1762"]
[PlyCount "57"]
[EventDate "2009.04.25"]
[EventType "swiss"]
[EventRounds "9"]
[EventCountry "GER"]
[SourceTitle "EXT 2022"]
[Source "ChessBase"]
[SourceDate "2021.10.06"]
[SourceVersion "1"]
[SourceVersionDate "2021.10.06"]
[SourceQuality "1"]

1. e4 d6 2. d4 Nf6 3. Nc3 c6 4. f4 Qc7 5. Nf3 Nbd7 6. Bd3 e5 7. 0-0 exd4 8. Nxd4 Qb6 9. Bc4 Nc5 10. e5 Nfe4 11. exd6 Nxc3 12. bxc3 Be6 13. Bxe6 Nxe6 14. Be3 Bxd6 15. Rb1 Qc7 16. Nxe6 fxe6 17. Qg4 Qe7 18. Bd4 0-0 19. Bxg7 Qxg7 20. Qxe6+ Rf7 21. Qxd6 Rd7 22. Qe6+ Qf7 23. Qg4+ Kh8 24. Rfd1 Re7 25. Re1 Qxa2 26. Qf5 Rae8 27. Qf6+ Kg8 28. Qg5+ Kh8 29. Qf6+ 1/2-1/2

[Event "Hessen-ch Seniors op 05th"]
[Site "Bad Sooden-Allendorf"]
[Date "2009.04.25"]
[Round "1"]
[White "Bomert, Egon"]
[Black "Lichtenberg, Friedrich"]
[Result "1-0"]
[WhiteElo "1977"]
[BlackElo "1630"]
[PlyCount "71"]
[EventDate "2009.04.25"]
[EventType "swiss"]
[EventRounds "9"]
[EventCountry "GER"]
[SourceTitle "EXT 2022"]
[Source "ChessBase"]
[SourceDate "2021.10.06"]
[SourceVersion "1"]
[SourceVersionDate "2021.10.06"]
[SourceQuality "1"]

1. e4 d5 2. exd5 Qxd5 3. Nc3 Qd6 4. Nf3 Nf6 5. d4 g6 6. Nb5 Qd8 7. Bc4 a6 8. Ne5 e6 9. Nc3 Bg7 10. Bg5 h6 11. Bh4 g5 12. Bg3 0-0 13. h4 b5 14. Bd3 Nh7 15. hxg5 Nxg5 16. Bh4 f6 17. Ng6 Rf7 18. f4 Nh7 19. Qf3 Ra7 20. 0-0-0 Bb7 21. Be4 c6 22. Ne5 Re7 23. Nxc6 Nxc6 24. Bxc6 b4 25. Na4 Bxc6 26. Qxc6 Rac7 27. Qb6 Qc8 28. Nc5 Rc6 29. Qxb4 Rec7 30. Qb3 a5 31. Rhe1 Nf8 32. f5 a4 33. Qc4 Kh8 34. Qxa4 Nd7 35. Nxe6 Nb6 36. Nxc7 1-0

[Event "Hessen-ch Seniors op 04th"]
[Site "Bad Sooden-Allendorf"]
[Date "2008.05.01"]
[Round "8"]
[White "Lichtenberg, Friedrich"]
[Black "Kleist, Werner"]
[Result "1/2-1/2"]
[WhiteElo "1661"]
[BlackElo "1310"]
[PlyCount "43"]
[EventDate "2008.04.24"]
[EventType "swiss"]
[EventRounds "9"]
[EventCountry "GER"]
[SourceTitle "EXT 2022"]
[Source "ChessBase"]
[SourceDate "2021.10.06"]
[SourceVersion "1"]
[SourceVersionDate "2021.10.06"]
[SourceQuality "1"]

1. e4 d5 2. exd5 Qxd5 3. Nc3 Qa5 4. d4 c6 5. Bd2 Qc7 6. Bc4 Nf6 7. Qe2 Bg4 8. Nf3 e6 9. h3 Bh5 10. g4 Bg6 11. Ne5 Nbd7 12. Nxg6 hxg6 13. 0-0-0 Bb4 14. d5 e5 15. dxc6 bxc6 16. Qf3 0-0 17. h4 Rfb8 18. g5 e4 19. Nxe4 Bxd2+ 20. Rxd2 Ne5 21. Nxf6+ gxf6 22. Qc3 1/2-1/2

[Event "Hessen-ch Seniors op 04th"]
[Site "Bad Sooden-Allendorf"]
[Date "2008.04.25"]
[Round "2"]
[White "Lichtenberg, Friedrich"]
[Black "Garms, Ilse"]
[Result "1-0"]
[WhiteElo "1661"]
[BlackElo "1557"]
[PlyCount "63"]
[EventDate "2008.04.24"]
[EventType "swiss"]
[EventRounds "9"]
[EventCountry "GER"]
[SourceTitle "EXT 2022"]
[Source "ChessBase"]
[SourceDate "2021.10.06"]
[SourceVersion "1"]
[SourceVersionDate "2021.10.06"]
[SourceQuality "1"]

1. e4 c5 2. Nf3 Nc6 3. Nc3 e6 4. Bc4 a6 5. a4 Na5 6. Be2 d5 7. exd5 exd5 8. 0-0 Be7 9. d4 Be6 10. dxc5 Bxc5 11. Ng5 Nf6 12. Nxe6 fxe6 13. Bg4 Kf7 14. Bg5 h6 15. Bh4 Qb6 16. Qf3 Rhf8 17. Bxf6 gxf6 18. Bxe6+ Qxe6 19. Rae1 Qc6 20. Qh5+ Kg7 21. Nxd5 Rf7 22. Nf4 Re7 23. Qg6+ Kh8 24. Rxe7 Bxe7 25. Qxh6+ Kg8 26. Qg6+ Kh8 27. Qf7 Rg8 28. Qh5+ Kg7 29. Re1 Re8 30. Ne6+ Qxe6 31. Rxe6 Kf8 32. Qxa5 1-0

[Event "Hessen-ch Seniors op 04th"]
[Site "Bad Sooden-Allendorf"]
[Date "2008.04.24"]
[Round "1"]
[White "Ghijsen, Pim"]
[Black "Lichtenberg, Friedrich"]
[Result "1-0"]
[WhiteElo "1998"]
[BlackElo "1661"]
[PlyCount "81"]
[EventDate "2008.04.24"]
[EventType "swiss"]
[EventRounds "9"]
[EventCountry "GER"]
[SourceTitle "EXT 2022"]
[Source "ChessBase"]
[SourceDate "2021.10.06"]
[SourceVersion "1"]
[SourceVersionDate "2021.10.06"]
[SourceQuality "1"]

1. d4 d5 2. Nf3 c5 3. c3 cxd4 4. cxd4 Nc6 5. Nc3 Nf6 6. Bf4 e6 7. e3 Bd6 8. Bg3 Bxg3 9. hxg3 a6 10. Bd3 g6 11. a3 Bd7 12. 0-0 Ng4 13. e4 dxe4 14. Bxe4 0-0 15. d5 exd5 16. Bxd5 Qb6 17. b4 Rae8 18. Qd2 Be6 19. Qf4 Ne7 20. Bxe6 Qxe6 21. Rfe1 Qf6 22. Rac1 Qxf4 23. gxf4 Nc6 24. Ne4 Re7 25. Nc5 Rxe1+ 26. Rxe1 b6 27. Nd7 Rd8 28. Nxb6 Rd3 29. Nc4 f6 30. Nfd2 Kf7 31. f3 Nh6 32. Ne4 Nf5 33. Kf2 Ncd4 34. Ned6+ Kg7 35. Nxf5+ Nxf5 36. g4 Nd4 37. Re3 Rd1 38. Re7+ Kh6 39. Ne5 fxe5 40. g5+ Kh5 41. Rxh7# 1-0